Statistiques concernant Échelle de mots : de Père à Noël

Cliquez ici pour prendre le quiz!

Statistiques générales

  • Ce quiz a été pris 1 277 fois
  • Le résultat moyen est 24 sur 40

Statistiques - réponses

IndicesMots% Correct
Parent masculinPère
100%
Contraire de femelleMâle
91%
Sur une pièce, opposé de facePile
88%
N'est pas rapideLent
85%
Ne dit pas la véritéMent
85%
Fête du 25 décembreNoël
85%
Gauche en anglaisLeft
83%
Synonyme de blafardPâle
82%
Chef de l'Église catholiquePape
80%
Parle fortCrie
79%
Eau non polluéePure
77%
Abréviation de Cambridge Assessment International EducationCAIE
76%
Aller à la 3ème p. du pluriel de l'indicatif présentVont
76%
Petit femelle d'un âne et d'une jumentMule
75%
Fruit de la ronceMure
74%
Femme du canardCane
73%
Saint-Michel dans la mancheMont
72%
Objet que l'on enfonce avec un marteauClou
71%
Poil situé dans le cou des chevauxCrin
69%
Ce n'en est pas une pour MagrittePipe
69%
Éole en est le dieuVent
69%
Drogue en langage familierCame
64%
Clore à la 3ème p. du singulier de l'indicatif présentClôt
63%
Plante dans laquelle naîtraient les petits garçonsChou
53%
Dernier repas de JésusCène
52%
Effet très utilisé au tennisLift
52%
Point de départ d'un nageur en compétitionPlot
51%
Mieux vaut le lire pour trouver son cheminPlan
50%
CourageCran
48%
TribuClan
46%
Ustensile culinaireRâpe
45%
Opposé au dos de la mainPlat
41%
Arbre du SahelVène
36%
KidnappingRapt
35%
Radeau pneumatiqueRaft
28%
DécontractéCool
27%
Fossé d'effondrementRift
27%
Bassin en anglaisPool
21%
Île allemande en mer BaltiquePoel
20%
Préfixe en relation à la vésicule biliaireChol
18%

Distribution des résultats

Percentile par nombre de réponses

% des personnes avec chaque résultat

Votre développement - résultats

Vous n’avez pas pris ce quiz